<?xml version="1.0" encoding="UTF-8"?>
<record
    xmlns:xsi="http://www.w3.org/2001/XMLSchema-instance"
    xsi:schemaLocation="http://www.loc.gov/MARC21/slim http://www.loc.gov/standards/marcxml/schema/MARC21slim.xsd"
    xmlns="http://www.loc.gov/MARC21/slim">

  <leader>02077cam a2200553 a 4500</leader>
  <datafield tag="999" ind1=" " ind2=" ">
    <subfield code="c">23266</subfield>
    <subfield code="d">23266</subfield>
  </datafield>
  <controlfield tag="001">vtls008774182</controlfield>
  <controlfield tag="005">20220708132609.0</controlfield>
  <controlfield tag="008">160610s2006    xo o   g      001 1 slo  </controlfield>
  <datafield tag="020" ind1=" " ind2=" ">
    <subfield code="a">8080851077 (viaz.)</subfield>
    <subfield code="c">Sk 399,00 Sk</subfield>
  </datafield>
  <datafield tag="035" ind1=" " ind2=" ">
    <subfield code="a">C0431578-AEA3-4C6D-9489-7E03B77583A3</subfield>
  </datafield>
  <datafield tag="035" ind1=" " ind2=" ">
    <subfield code="a">urn:nbn:sk:snk-amlbq4</subfield>
  </datafield>
  <datafield tag="035" ind1=" " ind2=" ">
    <subfield code="a">urn:nbn:sk:snk-am00929q</subfield>
  </datafield>
  <datafield tag="040" ind1=" " ind2=" ">
    <subfield code="a">MIZKGZ</subfield>
    <subfield code="b">slo</subfield>
    <subfield code="c">MIZKGZ</subfield>
    <subfield code="e">AACR2</subfield>
    <subfield code="d">SNK</subfield>
  </datafield>
  <datafield tag="041" ind1="1" ind2=" ">
    <subfield code="a">slo</subfield>
    <subfield code="h">ger</subfield>
  </datafield>
  <datafield tag="044" ind1=" " ind2=" ">
    <subfield code="a">xo</subfield>
    <subfield code="c">SK</subfield>
  </datafield>
  <datafield tag="072" ind1=" " ind2="7">
    <subfield code="a">821</subfield>
    <subfield code="x">Literat&#xFA;ry v r&#xF4;znych jazykoch</subfield>
    <subfield code="2">konspekt</subfield>
  </datafield>
  <datafield tag="080" ind1=" " ind2=" ">
    <subfield code="a">821(100)-31</subfield>
    <subfield code="2">2001</subfield>
  </datafield>
  <datafield tag="080" ind1=" " ind2=" ">
    <subfield code="a">821(100)-051</subfield>
    <subfield code="2">2001</subfield>
  </datafield>
  <datafield tag="080" ind1=" " ind2=" ">
    <subfield code="a">791=025</subfield>
    <subfield code="2">2001</subfield>
  </datafield>
  <datafield tag="080" ind1=" " ind2=" ">
    <subfield code="a">(048.8)</subfield>
    <subfield code="2">2001</subfield>
  </datafield>
  <datafield tag="080" ind1=" " ind2=" ">
    <subfield code="a">82.07</subfield>
    <subfield code="2">2001</subfield>
  </datafield>
  <datafield tag="100" ind1="1" ind2=" ">
    <subfield code="a">Scholl, Joachim,</subfield>
    <subfield code="d">1960-</subfield>
    <subfield code="9">3169</subfield>
  </datafield>
  <datafield tag="240" ind1="1" ind2="0">
    <subfield code="a">50 Klassiker Romane</subfield>
    <subfield code="l">Slovensky</subfield>
  </datafield>
  <datafield tag="245" ind1="1" ind2="0">
    <subfield code="a">Sl&#xE1;vne rom&#xE1;ny 20. storo&#x10D;ia</subfield>
    <subfield code="b">50 najv&#xFD;znamnej&#x161;&#xED;ch modern&#xFD;ch rom&#xE1;nov</subfield>
    <subfield code="c">v podan&#xED; Joachima Scholla v spolupr&#xE1;ci s  Ulrike Braunovou ; [z nemeck&#xE9;ho origin&#xE1;lu prelo&#x17E;ila Milica Matejkov&#xE1;]</subfield>
  </datafield>
  <datafield tag="246" ind1="3" ind2=" ">
    <subfield code="a">F&#xFC;nfzig Klassiker Romane</subfield>
  </datafield>
  <datafield tag="246" ind1="3" ind2="0">
    <subfield code="a">50 najv&#xFD;znamnej&#x161;&#xED;ch modern&#xFD;ch rom&#xE1;nov</subfield>
  </datafield>
  <datafield tag="246" ind1="3" ind2=" ">
    <subfield code="a">P&#xE4;&#x165;desiat najv&#xFD;znamnej&#x161;&#xED;ch modern&#xFD;ch rom&#xE1;nov</subfield>
  </datafield>
  <datafield tag="250" ind1=" " ind2=" ">
    <subfield code="a">1. vyd.</subfield>
  </datafield>
  <datafield tag="260" ind1=" " ind2=" ">
    <subfield code="a">Bratislava</subfield>
    <subfield code="b">Slovart</subfield>
    <subfield code="c">2006</subfield>
  </datafield>
  <datafield tag="300" ind1=" " ind2=" ">
    <subfield code="a">279 s.</subfield>
    <subfield code="b">fotogr. (preva&#x17E;ne fareb.)</subfield>
    <subfield code="c">24 cm</subfield>
  </datafield>
  <datafield tag="500" ind1=" " ind2=" ">
    <subfield code="a">Fotogr. na tit. strane</subfield>
  </datafield>
  <datafield tag="648" ind1=" " ind2="7">
    <subfield code="a">20. stor.</subfield>
    <subfield code="2">SNKPH</subfield>
    <subfield code="9">2181</subfield>
  </datafield>
  <datafield tag="650" ind1="0" ind2="7">
    <subfield code="a">svetov&#xFD; rom&#xE1;n</subfield>
    <subfield code="2">SNKPH</subfield>
    <subfield code="9">1664</subfield>
  </datafield>
  <datafield tag="650" ind1="0" ind2="7">
    <subfield code="a">svetov&#xED; spisovatelia</subfield>
    <subfield code="2">SNKPH</subfield>
    <subfield code="9">3170</subfield>
  </datafield>
  <datafield tag="650" ind1="0" ind2="7">
    <subfield code="a">filmov&#xE9; adapt&#xE1;cie</subfield>
    <subfield code="2">SNKPH</subfield>
    <subfield code="9">3171</subfield>
  </datafield>
  <datafield tag="650" ind1="0" ind2="7">
    <subfield code="a">interpret&#xE1;cia a prijatie liter&#xE1;rneho diela</subfield>
    <subfield code="2">SNKPH</subfield>
    <subfield code="9">3149</subfield>
  </datafield>
  <datafield tag="650" ind1="0" ind2="7">
    <subfield code="a">svetov&#xE1; literat&#xFA;ra</subfield>
    <subfield code="2">SNKPH</subfield>
    <subfield code="9">1654</subfield>
  </datafield>
  <datafield tag="650" ind1="0" ind2="7">
    <subfield code="a">World ficton</subfield>
    <subfield code="2">SNKPHeng</subfield>
    <subfield code="9">1665</subfield>
  </datafield>
  <datafield tag="650" ind1="0" ind2="7">
    <subfield code="a">World authors</subfield>
    <subfield code="2">SNKPHeng</subfield>
    <subfield code="9">3172</subfield>
  </datafield>
  <datafield tag="650" ind1="0" ind2="7">
    <subfield code="a">Film adaptations</subfield>
    <subfield code="2">SNKPHeng</subfield>
    <subfield code="9">3173</subfield>
  </datafield>
  <datafield tag="650" ind1="0" ind2="7">
    <subfield code="a">Interpretation and reception of literature</subfield>
    <subfield code="2">SNKPHeng</subfield>
    <subfield code="9">3154</subfield>
  </datafield>
  <datafield tag="650" ind1="0" ind2="7">
    <subfield code="a">World literature</subfield>
    <subfield code="2">SNKPHeng</subfield>
    <subfield code="9">1658</subfield>
  </datafield>
  <datafield tag="655" ind1=" " ind2="7">
    <subfield code="a">preh&#x13E;ady</subfield>
    <subfield code="2">SNKPH</subfield>
    <subfield code="9">2711</subfield>
  </datafield>
  <datafield tag="655" ind1=" " ind2="7">
    <subfield code="a">Surveys</subfield>
    <subfield code="2">SNKPHeng</subfield>
    <subfield code="9">2712</subfield>
  </datafield>
  <datafield tag="700" ind1="1" ind2=" ">
    <subfield code="a">Braun, Ulrike,</subfield>
    <subfield code="d">1965-</subfield>
    <subfield code="4">aut</subfield>
    <subfield code="9">3174</subfield>
  </datafield>
  <datafield tag="700" ind1="1" ind2=" ">
    <subfield code="a">Matejkov&#xE1;, Milica</subfield>
    <subfield code="4">trl</subfield>
    <subfield code="9">3175</subfield>
  </datafield>
  <datafield tag="958" ind1=" " ind2=" ">
    <subfield code="a">LX</subfield>
  </datafield>
  <datafield tag="958" ind1=" " ind2=" ">
    <subfield code="a">OP</subfield>
  </datafield>
  <datafield tag="952" ind1=" " ind2=" ">
    <subfield code="0">0</subfield>
    <subfield code="1">0</subfield>
    <subfield code="2">udc</subfield>
    <subfield code="4">0</subfield>
    <subfield code="7">0</subfield>
    <subfield code="8">D</subfield>
    <subfield code="a">10000</subfield>
    <subfield code="b">10000</subfield>
    <subfield code="d">2022-07-08</subfield>
    <subfield code="i">21599</subfield>
    <subfield code="l">1</subfield>
    <subfield code="o">S1524</subfield>
    <subfield code="p">S1524</subfield>
    <subfield code="r">2022-09-30</subfield>
    <subfield code="s">2022-09-14</subfield>
    <subfield code="w">2022-07-08</subfield>
    <subfield code="y">OLDO</subfield>
  </datafield>
</record>
